000 00623nam a22002057a 4500
999 _c167680
_d167680
005 20190916163456.0
010 _aB-228644
020 _c95.00
035 _aB-228644
037 _bChronicle publications
082 _a954
_bCOM
100 _aOjha,N.N
245 _aComprehensive history modern india: Part-1/
_cN.N.Ojha
_hEnglish
260 _aNoida (U.P.)
_bChronicle publications
_c2008
270 _aA-26,sector-2,Noida(U.P)
300 _ax,341p.
_b20c.m(pbk)
650 _aHISTORY
942 _2ddc
_cEN
_h954
_mCOM